000
00345pab a2200145 454500
008
180718b2001 xxu||||| |||| 00| 0 eng d
100
_a
Jain, Prakash C.
245
_a
Political economy of the demise of apartheid
260
_c
2001
300
_a
p.118-35
362
_a
Jan-Feb
650
_a
Apartheid
773
_a
Encounter
909
_a
50107
999
_c
50107
_d
50107